AH International Schools' Libraries

Home alone (KHMER) / (Record no. 49208)

MARC details
000 -LEADER
fixed length control field 00277nam a2200109 4500
020 ## - INTERNATIONAL STANDARD BOOK NUMBER
International Standard Book Number 9789996301223
100 ## - MAIN ENTRY--PERSONAL NAME
Personal name Kol, Seab
9 (RLIN) 86255
245 ## - TITLE STATEMENT
Title Home alone (KHMER) /
Statement of responsibility, etc Seab Kol
260 ## - PUBLICATION, DISTRIBUTION, ETC. (IMPRINT)
Place of publication, distribution, etc Cambodia
Name of publisher, distributor, etc Reading Book
Date of publication, distribution, etc 2010
300 ## - PHYSICAL DESCRIPTION
Extent 20 p.
Other physical details col. ill.
Dimensions 25 cm.
942 ## - ADDED ENTRY ELEMENTS (KOHA)
Source of classification or shelving scheme
Koha item type Book
Holdings
Withdrawn status Lost status Source of classification or shelving scheme Damaged status Not for loan Collection code Home library Current library Shelving location Date acquired Total Checkouts Total Renewals Full call number Barcode Date last seen Date checked out Price effective from Koha item type
          Siem Riep Asian Hope Early Years Library Asian Hope Early Years Library Easy Reading 08/11/2025 9 1 KHMER E KOL 207315 04/30/2026 04/23/2026 08/11/2025 Book

For any Logos Library related questions please contact Miss Art at swongnarasuk@asianhope.org.

For any Asian Hope Library related questions please contact Miss Raza at graza@asianhope.org.

Powered by Koha